000 00841cam a2200241 a 4500
001 12783800
005 20161119133558.0
008 020521s2003 ilua d 000 0 eng
010 _a 2002069954
020 _a0716602997
040 _aDLC
_cDLC
_dDLC
050 0 0 _aPE1625
_b.W73 2003
082 0 0 _aDRef 423
_22003
_bW89
245 0 4 _aThe World Book dictionary.
260 _aChicago :
_bWorld Book,
_cc2003.
300 _a1 volume:
_billustrations;
_c28 cm.
505 0 _av. 1. A-K -- v. 2. L-Z.
650 0 _aEnglish language
_vDictionaries.
710 2 _aWorld Book, Inc.
906 _a7
_bcbc
_corignew
_d1
_eocip
_f20
_gy-gencatlg
942 _2ddc
_cDREF
999 _c5788
_d5788